| 000 | 00687nam a22002057a 4500 | ||
|---|---|---|---|
| 999 |
_c7096 _d7096 |
||
| 003 | AR-CdUCM | ||
| 008 | 190319b ||||| |||| 00| 0 spa d | ||
| 040 |
_aMUNICIPALIDAD PROVINCIAL DEL CUSCO _cBIBLIOTECA MUNICIPAL DEL CUSCO |
||
| 082 |
_a149 / _bJ69 |
||
| 100 |
_aJolivet, Régis _919989 |
||
| 245 | _aLas doctrinas existencialista / | ||
| 260 |
_aMadrid : _bGredos, _c1962. |
||
| 300 |
_a343 páginas ; _c21 cm. |
||
| 505 | _aContenido : Primera parte : Las fuentes del existencialismo -- Segunda parte : Las doctrinas existencialistas ... | ||
| 650 |
_aDoctrinas _919990 |
||
| 650 |
_aExistencialismo _914068 |
||
| 650 |
_aFilosofía _9395 |
||
| 942 |
_2ddc _cLIBROS |
||
| 945 | _arah | ||